header

Physics (Record no. 2876)

MARC details
000 -LEADER
fixed length control field 01188nam a2200301Ia 4500
100 0# - MAIN ENTRY--AUTHOR NAME
Personal name Aristotle.
245 10 - TITLE STATEMENT
Title Physics
260 ## - PUBLICATION, DISTRIBUTION, ETC. (IMPRINT)
Place of publication [South Bend, IN] :
Name of publisher Infomotions, Inc. ;
Place of publication [Blacksburg, VA] :
Name of publisher Virginia Tech.,
Year of publication 2001.
300 ## - PHYSICAL DESCRIPTION
Number of Pages 138 p.
650 #0 - SUBJECT ADDED ENTRY--TOPICAL TERM
Topical Term Physics
Topical Term Science, Ancient.
700 1# - ADDED ENTRY--PERSONAL NAME
Personal name Hardie, R. P.
Personal name Gaye, R. K.
856 40 - ELECTRONIC LOCATION AND ACCESS
Uniform Resource Identifier http://site.ebrary.com/lib/rucke/Doc?id=5000559

No items available.

© 2026 Rongo University
Contact us: librarian | system librarian | Rongo university